| 000 | 00849nam a22003137a 4500 | ||
|---|---|---|---|
| 001 | BR0809637 | ||
| 003 | BR-BrBNA | ||
| 005 | 20230928102839.0 | ||
| 007 | ta | ||
| 008 | 230509b bl.||||| |||| 00| 0 por d | ||
| 040 |
_aBR-BrBNA _bpor _cBiblioteca Nacional de Agricultura |
||
| 041 | _a(Por) | ||
| 072 |
_aF01 _b1122 |
||
| 090 | _ 1122 BR0809637 | ||
| 100 | 1 | _aManica, I. | |
| 245 | 1 | _aFruticultura tropical: 3- mamão | |
| 260 | 3 |
_aSão Paulo, SP (Brasil): _bEditora Agronômica Ceres Ltda., _c1982. |
|
| 300 | _a255 p. | ||
| 500 | _a52 illus. | ||
| 650 | _aMAMÃO | ||
| 650 | _aPRÁTICA CULTURAL | ||
| 650 | _aVARIEDADE | ||
| 650 | _aMELHORAMENTO GENÉTICO VEGETAL | ||
| 650 | _aPROPAGAÇÃO VEGETATIVA | ||
| 650 | _aCLASSIFICAÇÃO DE PRODUTO | ||
| 650 | _aEMBALAGEM | ||
| 909 |
_a202309 _bLucia _c55 _dLucia Elande |
||
| 942 | _cBK | ||
| 999 |
_c72681 _d72681 |
||